| 000 | 02065nam0a2200349 4500 | ||
|---|---|---|---|
| 001 | RU\NLR\bibl\12720 | ||
| 005 | 20260407022007.0 | ||
| 010 |
_a5-247-03764-2 _9800 |
||
| 021 |
_aRU _b98-27511 _91313 |
||
| 035 | _a(NLR Aleph) 000012401 | ||
| 090 |
_a46221 _c46221 |
||
| 100 | _a19990205d1998 |||y0rusy50 ca | ||
| 101 | 0 | _arus | |
| 102 | _aRU | ||
| 105 | _aa ||||||||| | ||
| 200 | 1 |
_aСистематика и классификации осадочных пород и их аналогов _f[В.Н. Шванов, В.Т. Фролов, Э.И. Сергеева и др. _gОтв. ред. В.Н. Шванов] _gНац. ком. геологов России. Подком. по систематике осадоч. пород, Учеб.-метод. об-ние ун-тов России. Междуведомств. комис. по систематике и номенклатуре осадоч. пород |
|
| 210 |
_aСПб. _cНедра. С.-Петерб. фил. _d1998 |
||
| 215 |
_a351 с., [2] отд. л. табл. _cил. _d26 |
||
| 320 | _aБиблиогр. в конце гл. | ||
| 320 | _aИмен. указ.: c. 345-349 | ||
| 606 | 0 |
_aОсадочные породы _xСистематика _92079085 _3RU\NLR\auth\661254957 |
|
| 606 | 0 |
_aОсадочные породы _xКлассификация _91320004 _3RU\NLR\auth\66232395 |
|
| 686 | _aД344-7 | ||
| 701 | 1 |
_aШванов _bВ. Н. _4070 |
|
| 701 | 1 |
_4070 _8rus _7ca _aФролов _bВ. Т. _cд-р геол.-минерал. наук _f1923- _gВладимир Тихонович _3RU\NLR\auth\7736175 _919166 |
|
| 701 | 1 |
_4070 _8rus _7ca _aСергеева _bЭ. И. _cканд. геол.-мин. наук _gЭльвира Ивановна _3RU\NLR\auth\7730109 _913136 |
|
| 712 | 0 | 2 |
_4570 _aНациональный комитет геологов России _bПодкомиссия по систематике осадочных пород _3RU\NLR\AUTH\8810007039 _9511614 |
| 801 | 0 |
_aRU _bNLR _c19990205 _gPSBO |
|
| 801 | 1 |
_aRU _bNLR _c19990205 |
|
| 852 |
_aNLR _j98-7/1401 |
||
| 942 | _cBOOK | ||
| 980 | _aNB | ||